[Event "British Universities-ch"]
[Site "Chess.com INT"]
[Date "2022.03.05"]
[Round "1.2"]
[White "McKenna, Joshua"]
[Black "Ooi, Benjamin"]
[Result "0-1"]
[WhiteElo "1811"]
[BlackElo "1768"]
[PlyCount "158"]
[EventDate "2022.03.05"]
[EventType "swiss"]
[EventRounds "9"]
[EventCountry "ENG"]
[SourceTitle "EXT 2023"]
[Source "ChessBase"]
[SourceDate "2022.10.05"]
[SourceVersion "1"]
[SourceVersionDate "2022.10.05"]
[SourceQuality "1"]
[WhiteTeam "Swansea"]
[BlackTeam "LSE"]
[WhiteTeamCountry "WLS"]
[BlackTeamCountry "ENG"]

1. Nf3 d5 2. g3 c6 3. Bg2 Nf6 4. 0-0 Bg4 5. d3 e6 6. Nbd2 Nbd7 7. c4 Be7 8. cxd5 cxd5 9. e4 0-0 10. e5 Nxe5 11. Qb3 Nxf3+ 12. Nxf3 b6 13. Ne5 Bf5 14. Nc6 Qd7 15. Ne5 Qc8 16. d4 Nd7 17. Bf4 Nxe5 18. Bxe5 Qd7 19. Rac1 Bd6 20. Qe3 Rfc8 21. Rxc8+ Rxc8 22. Rc1 Bxe5 23. Rxc8+ Qxc8 24. Qxe5 Qc1+ 25. Bf1 h6 26. Qe2 Kf8 27. Qb5 Ke7 28. Kg2 Be4+ 29. Kg1 Kf6 30. Qe2 g5 31. h3 Qb1 32. a3 a5 33. Qb5 Qd1 34. Qe2 Qxe2 35. Bxe2 Kf5 36. Bg4+ Kf6 37. Kf1 e5 38. dxe5+ Kxe5 39. Ke1 Kd4 40. Kd2 f6 41. Be2 f5 42. f4 Bg2 43. h4 gxh4 44. gxh4 Ke4 45. b4 axb4 46. axb4 Kxf4 47. Kd3 Be4+ 48. Kd2 Kg3 49. Ke3 f4+ 50. Kd2 Kxh4 51. Ke1 Kg3 52. Kf1 f3 53. Bb5 h5 54. Bd7 h4 55. b5 h3 56. Bxh3 Kxh3 57. Kf2 Kg4 58. Kf1 Kf5 59. Kf2 Ke6 60. Kf1 Kd6 61. Kf2 Kc5 62. Kf1 Kxb5 63. Kf2 Kc4 64. Kf1 Kc3 65. Kf2 Kd3 66. Kf1 b5 67. Kf2 b4 68. Kg3 b3 69. Kf2 b2 70. Kg3 b1Q 71. Kf2 Qc2+ 72. Kg3 Qg2+ 73. Kf4 f2 74. Ke5 f1Q 75. Kd6 Qg5 76. Kc6 d4+ 77. Kd6 Qff6+ 78. Kd7 Qgg7+ 79. Ke8 Qff8# 0-1